| 000 | 00684nam a2200229 i 4500 | ||
|---|---|---|---|
| 001 | 141656 | ||
| 003 | ES-MaACL | ||
| 005 | 20250828022616.0 | ||
| 007 | t| | ||
| 008 | 070926s1973 sp ||||1| cat d | ||
| 020 | _a84-7202-161-0 | ||
| 080 | _a28.053.7:37.03 | ||
| 080 | _a37.03:28-053.7 | ||
| 100 | 1 |
_aVimort, Jean. _9115292 |
|
| 245 | 1 | 4 |
_aEls joves i la llibertat / _cJean Vimort ; traducció de Paciáa Garriga ; proleg de Marta Mata. |
| 250 | _a[1ª ed.]. | ||
| 260 |
_aMontserrat : _bAbadía, _c[1973] |
||
| 300 |
_a85 p. ; _c19 cm. |
||
| 650 | 7 |
_aEducación cristiana de jóvenes _2embne _912091 |
|
| 852 |
_aES-MaACL _jC-53025 _bR.85440 |
||
| 999 |
_c141656 _d141656 |
||